000 01056nam0a2200277 4500
001 RU\NLR\ONL1\11098
005 20250613120840.0
035 _a(NLR Aleph) 009639844
090 _a9541184
_c9541184
100 _a20070418d1940 |||y0rusy50 ca
101 0 _amyv
102 _aRU
105 _ay |||||||||
200 1 _aСССР-нь экономической географиясь
_eсредней школань 8-це классо тонавтнема книга
_fН. Н. Баранский
210 _aМ.
_cУчпедгиз
_d1940
215 _a392 с.
_d22
541 1 _aЭкономическая география СССР
_eучеб. для 8-го кл. сред. шк.
_zrus
606 0 _aЭкономическая география
_9944451
_3RU\NLR\auth\6631366
686 1 _aУ04(2) я72
700 1 _aБаранский
_bН. Н.
_gНиколай Николаевич
_4070
801 0 _aRU
_bNLR
_c20070418
_gPSBO
852 _aNLR
_bОНЛ
_jМорд.Э./3-1032
942 _cBOOK
980 _aNB